000 00732nam a2200217 a 4500
005 20140412111301.0
008 001111s19uu xx 00 eng d
020 _a0-689-71553-6
050 _aM 222.11
_bH88 1986
100 _aHutton, Warwick
245 _aMoses in the bulrushes /
_cretold and illustrated by Warwick Hutton.
260 _aNew York :
_bAladdin Books.
300 _a1 v. (unp.) ; col.; ill.
520 _aRetells the Old testament story of how the baby moses was sved from death by the Pharoah's daughter.
650 _aMoses (Biblical leader)
650 _aBible, O. T. - biography
650 _aMoses - stories
650 _aBible stories -- O.T.
650 _aBible -- O.T. Stories
999 _c103423
_d103423